[Event "Elit(Manhem-Team Viking)"]
[Site "?"]
[Date "2009.10.17"]
[Round "2"]
[White "Kinnmark, Ove"]
[Black "Lindberg, Bo"]
[Result "0-1"]
[WhiteElo "2265"]
[BlackElo "2419"]
[PlyCount "82"]

1. e4 Nc6 2. Nf3 e5 3. Bb5 a6 4. Ba4 Nf6 5. d3 b5 6. Bb3 Be7 7. O-O Bb7 8. c3
O-O 9. Qe2 d5 10. Re1 Qd7 11. Nbd2 Rad8 12. Bc2 Rfe8 13. Nf1 d4 14. Ng3 g6 15.
a3 Bf8 16. h3 Bg7 17. cxd4 Nxd4 18. Nxd4 exd4 19. Qf3 Qe6 20. Bd2 c5 21. Rac1
c4 22. Bb1 Nd7 23. Qe2 Nc5 24. Rcd1 Rc8 25. Bf4 h5 26. f3 Qf6 27. Bc1 Bd5 28.
Qf2 Be6 29. f4 h4 30. Nf1 Nb3 31. Nh2 Bh6 32. Rf1 Nxc1 33. Rxc1 c3 34. Ng4 Bxg4
35. hxg4 g5 36. Ba2 gxf4 37. Bd5 f3 38. g5 Bxg5 39. Kh1 Bxc1 40. Rxc1 cxb2 41.
Qxb2 Rxc1+ 0-1

[Event "Elit(Farsta-Eksjo)"]
[Site "?"]
[Date "2009.10.17"]
[Round "2"]
[White "Cicak, Slavko"]
[Black "Hjelm, Niclas"]
[Result "1-0"]
[WhiteElo "2596"]
[BlackElo "2384"]
[PlyCount "113"]
[SourceDate "2009.10.21"]

1. e4 e5 2. Nf3 Nc6 3. Bb5 Nf6 4. O-O Nxe4 5. d4 Nd6 6. dxe5 Nxb5 7. a4 Nbd4 8.
Nxd4 Nxd4 9. Qxd4 d5 10. Nc3 c6 11. a5 Bf5 12. f4 Be7 13. Qf2 d4 14. Ne2 c5 15.
c3 Bh4 16. Ng3 O-O 17. cxd4 cxd4 18. Rd1 d3 19. Be3 a6 20. Bc5 Re8 21. b4 Qd7
22. Rd2 Rac8 23. Rad1 Rc6 24. Qe3 Bxg3 25. hxg3 Qe6 26. Qd4 Rcc8 27. Rxd3 Bxd3
28. Qxd3 h6 29. Qf3 Qc4 30. Qxb7 Rxc5 31. bxc5 Qxc5+ 32. Kh2 Qxa5 33. Rd6 Qa2
34. Rxa6 Qe2 35. Qd7 Rb8 36. Ra7 Qh5+ 37. Qh3 Qg6 38. f5 Qg5 39. Ra4 Kh8 40.
Rf4 Re8 41. Re4 Re7 42. g4 Re8 43. Qh5 Qxh5+ 44. gxh5 Kg8 45. Kg3 Ra8 46. Rb4
Kf8 47. Kf4 Ra2 48. g4 Rf2+ 49. Ke3 Rg2 50. Rb8+ Ke7 51. Kf3 Ra2 52. Rg8 Ra3+
53. Kf4 Ra4+ 54. Kg3 Ra5 55. Rxg7 Rxe5 56. Rh7 Kf6 57. Kf4 1-0

[Event "Elit(Farsta-Eksjo)"]
[Site "?"]
[Date "2009.10.17"]
[Round "2"]
[White "Ong, Kezli"]
[Black "Schussler, Harry"]
[Result "1/2-1/2"]
[WhiteElo "2301"]
[BlackElo "2443"]
[PlyCount "24"]

1. e4 d5 2. exd5 Qxd5 3. Nc3 Qd6 4. d4 Nf6 5. Nf3 c6 6. g3 Bg4 7. Bg2 e6 8. O-O
Qc7 9. Qd3 Nbd7 10. Bf4 Bd6 11. Bxd6 Qxd6 12. Ne4 Nxe4 1/2-1/2

[Event "Elit(Farsta-Eksjo)"]
[Site "?"]
[Date "2009.10.17"]
[Round "2"]
[White "Vernersson, Per"]
[Black "Livner, Anders"]
[Result "1/2-1/2"]
[WhiteElo "2465"]
[BlackElo "2396"]
[PlyCount "88"]

1. d4 d5 2. c4 dxc4 3. Nf3 Nf6 4. e3 e6 5. Bxc4 c5 6. O-O a6 7. a4 Nc6 8. Qe2
Qc7 9. Rd1 Bd6 10. Nc3 O-O 11. h3 b6 12. Bd2 Bb7 13. Rac1 Rfd8 14. Be1 cxd4 15.
exd4 Bf4 16. Ra1 Ne7 17. Bd3 Ng6 18. Ne4 Nxe4 19. Bxe4 Bxe4 20. Qxe4 Rd5 21. g3
Bd6 22. Qe2 Qb7 23. Rdc1 Rd8 24. Rc2 h6 25. h4 Ne7 26. Rac1 Nf5 27. Qc4 b5 28.
axb5 axb5 29. Qc6 Qxc6 30. Rxc6 Nxd4 31. Nxd4 Rxd4 32. Rb6 Rd5 33. Kg2 h5 34.
Rb7 Be5 35. Rc2 Bd4 36. Ba5 Ra8 37. b4 Re8 38. Bb6 Bxb6 39. Rxb6 Ra8 40. Rb7
Ra4 41. Rc8+ Kh7 42. Rxf7 Rf5 43. Rxf5 exf5 44. Rc5 Rxb4 1/2-1/2

[Event "Elit(Farsta-Eksjo)"]
[Site "?"]
[Date "2009.10.17"]
[Round "2"]
[White "Jaderberg, Bjorn"]
[Black "Ornstein, Axel"]
[Result "1/2-1/2"]
[WhiteElo "2226"]
[BlackElo "2432"]
[PlyCount "67"]
[EventDate "2009.??.??"]

1. c4 Nf6 2. Nc3 c5 3. Nf3 e6 4. g3 b6 5. Bg2 Bb7 6. O-O Be7 7. d4 cxd4 8. Nxd4
Bxg2 9. Kxg2 Qc7 10. Qd3 a6 11. b3 O-O 12. Qf3 Ra7 13. Bb2 Rc8 14. Rad1 d6 15.
Ne4 Nbd7 16. Ba1 Nxe4 17. Qxe4 Nf6 18. Qf3 Qb7 19. Qxb7 Rxb7 20. h3 Kf8 21. Kf3
d5 22. cxd5 Nxd5 23. Nf5 Nc3 24. Nxe7 Kxe7 25. Rd2 Rbc7 26. Rc1 f6 27. Rdc2 Nd5
28. Rxc7+ Rxc7 29. Rxc7+ Nxc7 30. Bd4 b5 31. Bc5+ Kd7 32. Ke4 Ne8 33. f4 Nd6+
34. Bxd6 1/2-1/2

[Event "Elit(Farsta-Eksjo)"]
[Site "?"]
[Date "2009.10.17"]
[Round "2"]
[White "de Verdier, Michael"]
[Black "Magnusson, Jorgen"]
[Result "1/2-1/2"]
[WhiteElo "2325"]
[BlackElo "2290"]
[PlyCount "71"]

1. b3 d5 2. Bb2 Bg4 3. f3 Bf5 4. f4 Nc6 5. Nf3 Qd6 6. e3 O-O-O 7. Bb5 f6 8. O-O
Nh6 9. h3 Bd7 10. Ba3 Qe6 11. Nc3 g5 12. Ne2 gxf4 13. Nxf4 Qg8 14. c4 a6 15.
Bxc6 Bxc6 16. Nd4 e5 17. Bxf8 Rxf8 18. Nxc6 bxc6 19. Nd3 Qg6 20. Nb4 Rhg8 21.
Qe2 dxc4 22. Nxc6 Kd7 23. Na5 Qe4 24. Nxc4 Rxg2+ 25. Qxg2 Rg8 26. Qxg8 Nxg8 27.
Rf2 Qh4 28. Kg2 Ke6 29. Raf1 Qe4+ 30. Kh2 Qd3 31. Kg1 Qe4 32. Kh2 Qd3 33. Kg2
Qg6+ 34. Kh1 Qd3 35. Kh2 Qe4 36. Kg1 1/2-1/2

[Event "Elit(Farsta-Eksjo)"]
[Site "?"]
[Date "2009.10.17"]
[Round "2"]
[White "Svensk, Ingemar"]
[Black "Krantz, Christopher"]
[Result "1/2-1/2"]
[WhiteElo "2257"]
[BlackElo "2288"]
[PlyCount "55"]

1. e4 e5 2. Nf3 Nc6 3. d4 exd4 4. Nxd4 Nge7 5. c4 Nxd4 6. Qxd4 Nc6 7. Qd1 Bb4+
8. Bd2 Bxd2+ 9. Qxd2 O-O 10. Nc3 d6 11. Be2 f5 12. exf5 Bxf5 13. O-O Kh8 14.
Nd5 Qd7 15. Rad1 a5 16. Qc3 Be4 17. a3 Rae8 18. Ne3 Qf7 19. Bd3 Bxd3 20. Rxd3
Ne5 21. Rd5 b6 22. b4 axb4 23. axb4 Ng6 24. Rf5 Qd7 25. Rxf8+ Rxf8 26. Nd5 Ne7
27. Re1 Nxd5 28. cxd5 1/2-1/2

[Event "Elit(Farsta-Eksjo)"]
[Site "?"]
[Date "2009.10.17"]
[Round "2"]
[White "Thornert, Hakan"]
[Black "Wieweg, Johnny"]
[Result "1/2-1/2"]
[WhiteElo "2208"]
[BlackElo "2203"]
[PlyCount "149"]
[EventDate "2009.??.??"]

1. e4 e5 2. Nc3 Nc6 3. Bc4 Nf6 4. d3 d6 5. Nge2 Be7 6. O-O Na5 7. Ng3 c6 8. Nh5
O-O 9. Kh1 Nxh5 10. Qxh5 Nxc4 11. dxc4 f5 12. f4 fxe4 13. Nxe4 Bf5 14. Qe2 Qd7
15. Bd2 d5 16. cxd5 cxd5 17. Nc3 e4 18. h3 h5 19. Rad1 Bf6 20. Be1 d4 21. Nxe4
Bxe4 22. Qxe4 Qb5 23. Bf2 Rfe8 24. Qd3 Qxd3 25. Rxd3 Re2 26. Bxd4 Bxd4 27. Rxd4
Rxc2 28. Rb4 b6 29. Rb5 h4 30. a4 Rd8 31. b3 Rdd2 32. Rg5 Rc3 33. Kh2 Rxb3 34.
f5 Kf7 35. Rg4 Rbb2 36. Rc1 Rbc2 37. Rxc2 Rxc2 38. Rxh4 Rf2 39. Rc4 Rxf5 40.
Rc7+ Kg8 41. Rxa7 Rf2 42. h4 Ra2 43. Ra6 Rb2 44. Kh3 b5 45. axb5 Rxb5 46. g3
Kh7 47. Ra3 Rb6 48. g4 Kh6 49. Kg3 Rc6 50. Re3 Kg6 51. h5+ Kf7 52. g5 Rc4 53.
Rf3+ Kg8 54. Rf4 Rc8 55. Kg4 Rb8 56. Rc4 Ra8 57. Rc5 Rb8 58. Kf5 Ra8 59. Rc6
Ra5+ 60. Kg6 Ra8 61. Rd6 Rb8 62. Rd5 Ra8 63. Kf5 Kf8 64. Ke6 Ke8 65. Rf5 Ra1
66. g6 Re1+ 67. Re5 Rf1 68. h6 Kf8 69. h7 Rf6+ 70. Kd5 Rd6+ 71. Ke4 Rd4+ 72.
Kf3 Rf4+ 73. Ke3 Rf3+ 74. Ke2 Rf2+ 75. Ke1 1/2-1/2

[Event "Elit(Farsta-Eksjo)"]
[Site "?"]
[Date "2009.10.17"]
[Round "2"]
[White "Lindeman, Sven"]
[Black "Gustafsson, Fredrik"]
[Result "0-1"]
[WhiteElo "2220"]
[BlackElo "2148"]
[PlyCount "64"]

1. e4 c5 2. Nf3 d6 3. Bb5+ Bd7 4. Bxd7+ Qxd7 5. c4 Nc6 6. d4 cxd4 7. Nxd4 Nf6
8. Nc3 g6 9. f3 Bg7 10. Nde2 O-O 11. O-O Rab8 12. b3 a6 13. a4 b5 14. cxb5 axb5
15. Nxb5 Nxe4 16. Rb1 Nc5 17. Be3 Qf5 18. Nxd6 exd6 19. Qxd6 Nxb3 20. Qxc6 Qd3
21. Ba7 Nd4 22. Nf4 Qe3+ 23. Kh1 Rxb1 24. Rxb1 Qxf4 25. Bxd4 Bxd4 26. a5 Rb8
27. Rd1 Qd2 28. Qa4 Qf2 29. Qc6 Rb2 30. f4 Qxf4 31. Re1 Be5 32. g3 Rxh2+ 0-1

[Event "Elit(Rockaden,Umea-LASK)"]
[Site "?"]
[Date "2009.10.18"]
[Round "3"]
[White "Semcesen, Daniel"]
[Black "Forsberg, Viktor"]
[Result "1-0"]
[WhiteElo "2585"]
[BlackElo "2362"]
[PlyCount "69"]
[SourceDate "2009.10.21"]

1. Nf3 Nf6 2. c4 e6 3. Nc3 d5 4. d4 Be7 5. Qc2 O-O 6. Bg5 Nbd7 7. e3 c6 8. a3
dxc4 9. Bxc4 b5 10. Bd3 Bb7 11. e4 h6 12. Be3 Ng4 13. Bf4 e5 14. dxe5 Bc5 15.
O-O Qe7 16. Bg3 Ndxe5 17. Nxe5 Nxe5 18. Be2 Rad8 19. Kh1 Bc8 20. Rac1 Bd4 21.
Nb1 f5 22. f4 Ng4 23. Bxg4 fxg4 24. f5 c5 25. Rce1 h5 26. Nc3 Bxc3 27. Qxc3 h4
28. Bf2 c4 29. Bd4 Bb7 30. Rf4 Qg5 31. Ref1 h3 32. Kg1 Rf7 33. g3 Rfd7 34. e5
Qh6 35. e6 1-0

[Event "Elit(Rockaden,Umea-LASK)"]
[Site "?"]
[Date "2009.10.18"]
[Round "3"]
[White "Eriksson, Jorgen"]
[Black "Grandelius, Nils"]
[Result "0-1"]
[WhiteElo "2314"]
[BlackElo "2633"]
[PlyCount "98"]

1. d4 Nf6 2. Bg5 e6 3. e3 h6 4. Bh4 c5 5. Nd2 Nc6 6. c3 cxd4 7. exd4 Be7 8.
Ngf3 b6 9. Bd3 Bb7 10. O-O O-O 11. Nc4 d6 12. a4 Nh5 13. Bxe7 Nxe7 14. Re1 Qc7
15. Ncd2 Rab8 16. g3 Nf6 17. Qe2 Rfc8 18. Ba6 Ned5 19. Bxb7 Qxb7 20. Ne4 Nxe4
21. Qxe4 a6 22. Nd2 b5 23. axb5 axb5 24. Ra2 Nb6 25. Qxb7 Rxb7 26. Ne4 Rd8 27.
Rea1 f5 28. Nd2 Rdd7 29. Kf1 Rdc7 30. Rc1 Kf7 31. h4 e5 32. dxe5 dxe5 33. Nf3
Rc5 34. Re1 e4 35. Nd4 Rd5 36. g4 g6 37. h5 fxg4 38. hxg6+ Kxg6 39. Rxe4 Kg5
40. Ra6 Nc4 41. Ree6 h5 42. Rg6+ Kh4 43. Raf6 Kh3 44. Rf3+ Kh2 45. Rf4 Re7 46.
f3 Ne3+ 47. Kf2 g3+ 48. Rxg3 Nd1+ 49. Kf1 Kxg3 0-1

[Event "Elit(Rockaden,Umea-LASK)"]
[Site "?"]
[Date "2009.10.18"]
[Round "3"]
[White "Lund, Silas"]
[Black "Wickstrom, Lucas"]
[Result "1-0"]
[WhiteElo "2450"]
[BlackElo "2284"]
[PlyCount "69"]
[EventDate "2009.??.??"]

1. d4 Nf6 2. c4 e6 3. Nc3 c5 4. d5 exd5 5. cxd5 d6 6. e4 g6 7. Nf3 Bg7 8. h3
O-O 9. Bd3 b5 10. Bxb5 Nxe4 11. Nxe4 Qa5+ 12. Nfd2 Qxb5 13. Nxd6 Qa6 14. N2c4
Rd8 15. Bf4 Nd7 16. O-O Nb6 17. Nxb6 Qxb6 18. Nxc8 Raxc8 19. Rb1 c4 20. Qd2 Rd7
21. Rfd1 Qb5 22. d6 Rcd8 23. Qe2 Qa4 24. Bg5 Rc8 25. a3 Bf8 26. Bf6 Rxd6 27.
Rxd6 Bxd6 28. Rc1 Re8 29. Qd2 Qc6 30. Bc3 Be5 31. Bxe5 Rxe5 32. Qd8+ Re8 33.
Qd4 Re4 34. Qxa7 Qf6 35. Qa8+ 1-0

[Event "Elit(Rockaden,Umea-LASK)"]
[Site "?"]
[Date "2009.10.18"]
[Round "3"]
[White "Hammar, Ulf"]
[Black "Smith, Axel"]
[Result "1/2-1/2"]
[WhiteElo "2255"]
[BlackElo "2506"]
[PlyCount "68"]
[EventDate "2009.??.??"]

1. d4 Nf6 2. Bg5 e6 3. e4 h6 4. Bxf6 Qxf6 5. c3 d5 6. Nd2 c5 7. Ngf3 cxd4 8.
Nxd4 Nc6 9. Bb5 Bc5 10. N2b3 Bxd4 11. Qxd4 Qxd4 12. Nxd4 Bd7 13. O-O-O dxe4 14.
Rhe1 O-O-O 15. Nxc6 Bxc6 16. Bxc6 bxc6 17. Rxe4 Kc7 18. Red4 Rd5 19. c4 Rxd4
20. Rxd4 e5 21. Rg4 g5 22. c5 f5 23. Ra4 Kb7 24. Rb4+ Ka6 25. Ra4+ Kb5 26. Rxa7
Kxc5 27. Re7 Kd5 28. Rd7+ Ke6 29. Rc7 Kd6 30. Rf7 f4 31. a4 Ke6 32. Rc7 Kd6 33.
Rf7 Ke6 34. Rc7 Kd6 1/2-1/2

[Event "Elit(Rockaden,Umea-LASK)"]
[Site "?"]
[Date "2009.10.18"]
[Round "3"]
[White "Tikkanen, Hans"]
[Black "Malmstig, Erik"]
[Result "1-0"]
[WhiteElo "2494"]
[BlackElo "2296"]
[PlyCount "81"]
[SourceDate "2009.10.21"]

1. d4 Nf6 2. c4 c5 3. d5 b5 4. cxb5 a6 5. b6 e6 6. Nc3 Nxd5 7. Nxd5 exd5 8.
Qxd5 Nc6 9. Nf3 Rb8 10. Ne5 Qf6 11. Nxc6 dxc6 12. Qf3 Qxf3 13. exf3 Rxb6 14. b3
Be6 15. Be3 a5 16. Bd3 Bd6 17. O-O Kd7 18. Rfd1 Kc7 19. Rd2 Be5 20. Rc1 Bd4 21.
Bc4 Rd8 22. Bxe6 fxe6 23. Rc4 Rb4 24. Kf1 Rd5 25. Ke2 e5 26. Rdc2 a4 27. bxa4
Rd8 28. f4 Rxc4 29. Rxc4 Kd6 30. fxe5+ Kd5 31. Kd3 Bxe3 32. fxe3 Kxe5+ 33. Kc3
Kd6 34. a5 Rf8 35. Rf4 Re8 36. Kd3 g6 37. Rf6+ Kd5 38. e4+ Ke5 39. Rxc6 Kf4 40.
Rxc5 Rxe4 41. Rc4 1-0

[Event "Elit(Rockaden,Umea-LASK)"]
[Site "?"]
[Date "2009.10.18"]
[Round "3"]
[White "Mardell, Jimmy"]
[Black "Nilsson, Sebastian"]
[Result "0-1"]
[WhiteElo "2228"]
[BlackElo "2357"]
[PlyCount "54"]

1. e4 c5 2. Nf3 d6 3. d4 cxd4 4. Nxd4 Nf6 5. Nc3 a6 6. Bg5 e6 7. f4 Nbd7 8. Qf3
Qc7 9. O-O-O b5 10. Bd3 Bb7 11. Rhe1 Qb6 12. Nd5 exd5 13. Nc6 dxe4 14. Bxe4 Nc5
15. Bxf6 gxf6 16. Qh3 Ne6 17. Bd5 Bxc6 18. Bxe6 Be7 19. Bxf7+ Kd8 20. Rxe7 Kxe7
21. Qe6+ Kd8 22. Qxd6+ Kc8 23. Qxf6 Kb7 24. Re1 Rhc8 25. g4 Rc7 26. Be6 Qf2 27.
Rd1 Be4 0-1

[Event "Elit(Rockaden,Umea-LASK)"]
[Site "?"]
[Date "2009.10.18"]
[Round "3"]
[White "Olsson, Linus"]
[Black "Lindgren, Fredrik"]
[Result "0-1"]
[WhiteElo "2354"]
[BlackElo "2253"]
[PlyCount "132"]

1. d4 Nf6 2. c4 c5 3. d5 a6 4. Nf3 b5 5. Qc2 e6 6. e4 exd5 7. e5 dxc4 8. exf6
d5 9. g3 Qxf6 10. Bg2 Bf5 11. Qe2+ Qe6 12. Ng5 Qxe2+ 13. Kxe2 f6 14. Nf7 Nc6
15. Nxh8 Nd4+ 16. Kd1 Nc2 17. Nc3 Nxa1 18. Nxd5 O-O-O 19. Bd2 Be6 20. Nf4 c3
21. bxc3 Bxa2 22. Bh3+ Kb7 23. Ne6 Bb3+ 24. Kc1 Bxe6 25. Bxe6 c4 26. Be3 Bc5
27. Nf7 Bxe3+ 28. fxe3 Nb3+ 29. Kb1 Rd3 30. e4 Kc7 31. Bd5 Rxc3 32. Rd1 Nc5 33.
e5 fxe5 34. Nxe5 Re3 35. Ng4 Re2 36. Bf3 Re7 37. Rd5 Na4 38. Re5 Rd7 39. Re6 a5
40. Rc6+ Kb8 41. Ra6 Rd3 42. Bc6 Kc7 43. Be8 Ra3 44. Ra7+ Kb6 45. Rxg7 Nc3+ 46.
Kc1 b4 47. Ne5 Ra1+ 48. Kd2 Ra2+ 49. Ke3 Re2+ 50. Kf4 Nd5+ 51. Kf5 Kc5 52. Rb7
b3 53. Rb5+ Kd4 54. Nc6+ Kc3 55. Rxd5 Rxe8 56. Nxa5 b2 57. Rb5 Rc8 58. h4 Rc5+
59. Rxc5 b1=Q+ 60. Kg5 Qd1 61. Kf4 Qd6+ 62. Re5 Kd4 63. Nxc4 Kxc4 64. Ke4 Qg6+
65. Kf4 Kd4 66. Rg5 Qe4# 0-1

[Event "Elit(Rockaden,Umea-LASK)"]
[Site "?"]
[Date "2009.10.18"]
[Round "3"]
[White "Nygren, David"]
[Black "Bejtovic, Jasmin"]
[Result "1/2-1/2"]
[WhiteElo "2210"]
[BlackElo "2380"]
[PlyCount "115"]

1. e4 c5 2. c3 e6 3. d4 d5 4. exd5 exd5 5. Be3 c4 6. b3 cxb3 7. axb3 Bd6 8. Bd3
Nc6 9. Qf3 Nf6 10. h3 h6 11. Ne2 Ne7 12. Nf4 O-O 13. Nd2 Bf5 14. O-O Bxd3 15.
Nxd3 Ng6 16. c4 Re8 17. g3 Qd7 18. Kg2 Ne4 19. cxd5 Nxd2 20. Bxd2 Qb5 21. Nb2
Bc7 22. Nc4 Red8 23. Ba5 Bxa5 24. Rxa5 Qb4 25. Rc5 Rd7 26. Rc1 Re8 27. Qf5 Red8
28. d6 Qxb3 29. Rc7 Nf8 30. Re1 g6 31. Qf6 Nh7 32. Qf4 Ng5 33. Rxd7 Rxd7 34.
Qf6 Ne6 35. Ne5 Qd5+ 36. Kh2 Qxd6 37. Nxd7 Qxd7 38. Rc1 Ng5 39. g4 Ne4 40. Qe5
Ng5 41. Rc3 b5 42. f4 b4 43. Re3 Ne6 44. d5 Nf8 45. d6 Qc6 46. Qf6 Qc2+ 47. Kg3
Qd1 48. Kf2 Qc2+ 49. Re2 Qc5+ 50. Kg2 Qd5+ 51. Kh2 a5 52. Re8 Kh7 53. Qe5 Qd2+
54. Kg3 Qd3+ 55. Kf2 Qd2+ 56. Kf3 Qd3+ 57. Kf2 Qd2+ 58. Kf3 1/2-1/2

[Event "Elit(Rockaden,Sthlm-Farsta)"]
[Site "?"]
[Date "2009.10.18"]
[Round "3"]
[White "Livner, Anders"]
[Black "Bator, Robert"]
[Result "1/2-1/2"]
[WhiteElo "2396"]
[BlackElo "2482"]
[PlyCount "61"]

1. d4 d5 2. c4 c6 3. Nf3 Nf6 4. e3 Bf5 5. Nc3 e6 6. Nh4 Bg6 7. Nxg6 hxg6 8. g3
Nbd7 9. Bg2 dxc4 10. Qe2 Nb6 11. O-O Be7 12. Rd1 Nfd5 13. e4 Nxc3 14. bxc3 Na4
15. Qxc4 Qa5 16. Qb3 Nb6 17. Be3 O-O 18. Rab1 Rac8 19. c4 c5 20. d5 exd5 21.
exd5 Bd6 22. Bf1 Rc7 23. Bd2 Qa6 24. a4 Qxa4 25. Qxa4 Nxa4 26. Ra1 b5 27. cxb5
Nb6 28. Ra6 c4 29. Bc3 Rd8 30. Bd4 Bc5 31. Bxc5 1/2-1/2

[Event "Elit(Rockaden,Sthlm-Farsta)"]
[Site "?"]
[Date "2009.10.18"]
[Round "3"]
[White "Barkhagen, Jonas"]
[Black "Hjelm, Niclas"]
[Result "1/2-1/2"]
[WhiteElo "2529"]
[BlackElo "2384"]
[PlyCount "23"]

1. d4 d5 2. c4 c6 3. Nf3 Nf6 4. Nc3 dxc4 5. a4 e6 6. e3 c5 7. Bxc4 Nc6 8. O-O
cxd4 9. exd4 Be7 10. Re1 O-O 11. Bg5 b6 12. Qd3 1/2-1/2

[Event "Elit(Rockaden,Sthlm-Farsta)"]
[Site "?"]
[Date "2009.10.18"]
[Round "3"]
[White "Ong, Kezli"]
[Black "Blomqvist, Erik"]
[Result "0-1"]
[WhiteElo "2301"]
[BlackElo "2477"]
[PlyCount "90"]

1. e4 c5 2. Nf3 e6 3. d4 cxd4 4. Nxd4 a6 5. Bd3 Nf6 6. O-O Qc7 7. c4 Nc6 8.
Nxc6 dxc6 9. f4 e5 10. Kh1 Bc5 11. f5 h5 12. Nd2 Ng4 13. Qf3 Qd8 14. Nb3 Nf2+
15. Rxf2 Bxf2 16. c5 a5 17. Bc4 a4 18. Qxf2 Qd1+ 19. Qg1 Qxg1+ 20. Kxg1 axb3
21. Bxb3 Ke7 22. Be3 Bd7 23. Rc1 f6 24. Rc4 Be8 25. Rb4 Ra7 26. a3 Bf7 27. Kf2
g6 28. Bxf7 Kxf7 29. fxg6+ Kxg6 30. Kf3 Rd8 31. Ke2 Rd7 32. h3 Ra8 33. Ke1 Rg8
34. Kf2 Kf7 35. Rb3 Ke6 36. a4 Rdg7 37. Kf1 Rg3 38. a5 R8g7 39. Ke1 f5 40.
exf5+ Kxf5 41. Ke2 Rxg2+ 42. Bf2 Ke6 43. Ke1 Rf7 44. Bh4 Rf4 45. Bg3 Ra4 0-1

[Event "Elit(Rockaden,Sthlm-Farsta)"]
[Site "?"]
[Date "2009.10.18"]
[Round "3"]
[White "Hedman, Erik"]
[Black "Jaderberg, Bjorn"]
[Result "1-0"]
[WhiteElo "2419"]
[BlackElo "2226"]
[PlyCount "91"]

1. e4 c5 2. Nf3 g6 3. c3 d5 4. e5 Bg7 5. d4 Nc6 6. h3 e6 7. a3 cxd4 8. cxd4
Nge7 9. Nc3 a6 10. h4 h5 11. Bg5 Bd7 12. Bd3 Qc7 13. Rc1 Qa5 14. O-O b5 15. Ne2
Qb6 16. b4 Nf5 17. Bxf5 gxf5 18. Bf6 Bxf6 19. exf6 Rh6 20. Ne5 Rxf6 21. Nxc6
Bxc6 22. Nf4 Kd7 23. Nd3 Ke7 24. Ne5 Bd7 25. Qd2 Rg8 26. Rc5 f4 27. Rfc1 Rf5
28. R1c3 Qd6 29. Qe2 Be8 30. Rc8 Kf6 31. R3c6 Bxc6 32. Rxg8 Rxe5 33. dxe5+ Qxe5
34. Qxe5+ Kxe5 35. Rc8 Kd6 36. Kf1 e5 37. Rh8 d4 38. Rh6+ Kd5 39. Ke2 Bd7 40.
f3 f5 41. Rxh5 Kc4 42. Rh7 Be6 43. Re7 Kd5 44. h5 Kd6 45. h6 Bc4+ 46. Ke1 1-0

[Event "Elit(Rockaden,Sthlm-Farsta)"]
[Site "?"]
[Date "2009.10.18"]
[Round "3"]
[White "Lindeman, Sven"]
[Black "Berowski, Krum"]
[Result "0-1"]
[WhiteElo "2220"]
[BlackElo "2312"]
[PlyCount "74"]

1. e4 e6 2. d3 d5 3. Nd2 Nf6 4. Ngf3 Nc6 5. c3 e5 6. h3 a5 7. a4 Bc5 8. Be2 O-O
9. O-O Re8 10. b3 b6 11. Bb2 Ba6 12. Re1 d4 13. c4 Bb4 14. Kh1 Nb8 15. Rg1 c6
16. Nf1 b5 17. Bc1 bxc4 18. bxc4 Nbd7 19. g4 Nc5 20. Ng3 Qd7 21. Bf1 Bxc4 22.
dxc4 Nfxe4 23. Nxe4 Nxe4 24. Rg2 Nc3 25. Qd2 Rad8 26. Qg5 e4 27. Nh4 Be7 28.
Qh5 g6 29. Bh6 Bf6 30. Qxa5 Bxh4 31. g5 Qxh3+ 32. Kg1 e3 33. fxe3 dxe3 34. Rh2
Bf2+ 35. Kh1 Qf3+ 36. Rg2 Rd4 37. Qxc3 Rh4# 0-1

[Event "Elit(Rockaden,Sthlm-Farsta)"]
[Site "?"]
[Date "2009.10.18"]
[Round "3"]
[White "Hermansson, Emil"]
[Black "Magnusson, Jorgen"]
[Result "1-0"]
[WhiteElo "2453"]
[BlackElo "2290"]
[PlyCount "53"]

1. e4 d5 2. exd5 Qxd5 3. Nc3 Qa5 4. d4 Nf6 5. Nf3 c6 6. Bd2 Bf5 7. Bc4 e6 8.
Nd5 Qd8 9. Nxf6+ gxf6 10. c3 Nd7 11. Qe2 Nb6 12. Bb3 Bg4 13. h3 Bxf3 14. Qxf3
f5 15. g4 fxg4 16. hxg4 a5 17. g5 Bg7 18. a3 a4 19. Ba2 Nd5 20. O-O-O Qb6 21.
Qe4 Ra5 22. Rxh7 Rxh7 23. Qxh7 Kf8 24. g6 Nf6 25. Qh2 c5 26. dxc5 Qxc5 27. Be3
1-0

[Event "Elit(Rockaden,Sthlm-Farsta)"]
[Site "?"]
[Date "2009.10.18"]
[Round "3"]
[White "Svensk, Ingemar"]
[Black "Bryntze, Stefan"]
[Result "1-0"]
[WhiteElo "2257"]
[BlackElo "2253"]
[PlyCount "59"]

1. e4 e5 2. Nf3 Nc6 3. d4 exd4 4. Nxd4 Qf6 5. Be3 Bc5 6. c3 Nge7 7. g3 d6 8.
Bg2 Bb6 9. O-O Bd7 10. Nb5 Ne5 11. N1a3 Rc8 12. Bxb6 axb6 13. f4 Nc4 14. Qe2
Nxa3 15. Nxa3 Bc6 16. Nc2 O-O 17. Ne3 Rfe8 18. Rae1 Ra8 19. Ng4 Qe6 20. f5 Qxa2
21. f6 Ng6 22. fxg7 Ra5 23. Qe3 Qc4 24. Qh6 Re6 25. Rxf7 Ra8 26. Ref1 Qc5+ 27.
Kh1 d5 28. Qg5 Nf4 29. Qxf4 dxe4 30. Rf8+ 1-0

[Event "Elit(Rockaden,Sthlm-Farsta)"]
[Site "?"]
[Date "2009.10.18"]
[Round "3"]
[White "Lissang, Christopher"]
[Black "Wieweg, Johnny"]
[Result "0-1"]
[WhiteElo "2310"]
[BlackElo "2203"]
[PlyCount "106"]

1. d4 Nf6 2. Nf3 g6 3. c4 Bg7 4. Nc3 d6 5. e4 O-O 6. Be2 e5 7. dxe5 dxe5 8.
Qxd8 Rxd8 9. Bg5 Nbd7 10. O-O-O Rf8 11. Nd2 c6 12. Be3 Re8 13. a3 Nf8 14. Nb3
Ne6 15. g3 h5 16. f3 Bf8 17. Kc2 b6 18. a4 Bc5 19. Bxc5 bxc5 20. Rd6 Kg7 21.
Rxc6 Rb8 22. Nb5 Bb7 23. Rxe6 Rxe6 24. Nxc5 Rc6 25. Nxb7 Rxb7 26. b3 Nd7 27.
Rd1 Nc5 28. Rd5 f6 29. Nd6 Rb8 30. f4 Nxb3 31. fxe5 fxe5 32. Nb5 Nd4+ 33. Nxd4
exd4 34. Kd3 Ra6 35. Kxd4 Rxa4 36. Bd3 a5 37. e5 Ra2 38. Rd7+ Kh6 39. e6 Rxh2
40. e7 Re8 41. Ke5 Kg7 42. Ke6 Rh1 43. Be4 Re1 44. Rd4 a4 45. Kd7 Rxe7+ 46.
Kxe7 a3 47. Rd7 a2 48. Ke6+ Kh6 49. Ra7 a1=Q 50. Rxa1 Rxa1 51. g4 h4 52. c5 h3
53. c6 Re1 0-1

[Event "Elit(Wasa-Manhem)"]
[Site "?"]
[Date "2009.10.18"]
[Round "3"]
[White "Nithander, Victor"]
[Black "Hellborg, Teodor"]
[Result "1-0"]
[WhiteElo "2507"]
[BlackElo "2348"]
[PlyCount "109"]

1. e4 g6 2. d4 Nf6 3. e5 Nh5 4. Nc3 d6 5. Be3 c6 6. f4 Nd7 7. Be2 Nb6 8. Nf3 e6
9. O-O Be7 10. Ne4 d5 11. Ned2 Nd7 12. b3 b6 13. c4 Bb7 14. Rc1 Ng7 15. Bf2 Nh5
16. g3 Ng7 17. Qc2 O-O 18. Bd3 Rc8 19. c5 a5 20. a4 Ra8 21. Ne1 Qb8 22. Ndf3
Ba6 23. cxb6 Rc8 24. Bxa6 Rxa6 25. Nd3 Rxb6 26. Rb1 Qa7 27. Rfc1 Ra8 28. Qd1
Rab8 29. Rc3 Qb7 30. Qc2 Ra8 31. g4 Rb8 32. h3 Ra8 33. Kh2 Rc8 34. Rg1 Rb8 35.
Nd2 Kf8 36. Qd1 Rc8 37. Qe1 Kg8 38. Bh4 Bf8 39. Qf2 Kh8 40. Rgc1 Kg8 41. Bg5
Qa6 42. Bh6 c5 43. dxc5 Rbc6 44. b4 axb4 45. Nxb4 Qxa4 46. Nxc6 Rxc6 47. Nb3
Be7 48. Ra1 Qb4 49. Ra8+ Nb8 50. Nd4 Rc8 51. Rb3 Qxc5 52. Rbxb8 Rxb8 53. Rxb8+
Bf8 54. Qb2 Qa5 55. Rxf8+ 1-0

[Event "Elit(Wasa-Manhem)"]
[Site "?"]
[Date "2009.10.18"]
[Round "3"]
[White "Lejlic, Samir"]
[Black "Akesson, Joel"]
[Result "1-0"]
[WhiteElo "2341"]
[BlackElo "2386"]
[PlyCount "55"]

1. d4 d5 2. Bg5 h6 3. Bh4 c6 4. Nf3 Qb6 5. Qc1 g5 6. Bg3 g4 7. Nfd2 Qxd4 8. c4
dxc4 9. Nc3 Nd7 10. e3 Qg7 11. Nxc4 Ngf6 12. Qd2 Nc5 13. Rd1 Be6 14. Bc7 Nfd7
15. b4 Na6 16. Bg3 Qg6 17. Bd3 f5 18. Ne2 Bg7 19. Nf4 Qf7 20. Na5 Ne5 21. Nxb7
Bc4 22. Bxc4 Qxc4 23. Na5 Qe4 24. O-O O-O 25. Qe2 Nxb4 26. Rd4 Qc2 27. Rxb4 Qc3
28. Ra4 1-0

[Event "Elit(Wasa-Manhem)"]
[Site "?"]
[Date "2009.10.18"]
[Round "3"]
[White "Vas, Peter"]
[Black "Wedberg, Tom"]
[Result "0-1"]
[WhiteElo "2387"]
[BlackElo "2550"]
[PlyCount "80"]

1. e4 e5 2. Nf3 Nc6 3. d4 exd4 4. Nxd4 Nf6 5. Nxc6 bxc6 6. e5 Qe7 7. Qe2 Nd5 8.
c4 Nb6 9. Nc3 a5 10. Qe4 g6 11. Bd3 Bg7 12. O-O O-O 13. Re1 Ba6 14. Bf4 Qb4 15.
a3 Qxb2 16. Rec1 d5 17. Qe1 Bxc4 18. Rcb1 Qxa1 19. Rxa1 Bxd3 20. Qd1 Bf5 21.
Qd4 Rfe8 22. Bg3 Nc4 23. f4 Bf8 24. a4 Reb8 25. Be1 Nb2 26. Ne2 Nd3 27. Qe3 Bc5
28. Nd4 Rb2 29. Bc3 Rb3 30. Qd2 Rab8 31. h3 Be4 32. Kh2 Bxd4 33. Bxd4 c5 34.
Bc3 Rb2 35. Bxb2 Rxb2 36. Qxb2 Nxb2 37. Ra2 Nd3 38. Kg3 c4 39. Kh4 c3 40. Kg5
Kg7 0-1